Historic properties: preservation and the valuation process (Record no. 86893)

MARC details
000 -LEADER
fixed length control field 00549cam a2200193 4500
001 - CONTROL NUMBER
control field D8197
008 - FIXED-LENGTH DATA ELEMENTS--GENERAL INFORMATION
fixed length control field 090401t1982 xxu||||| |||| 00| 0 eng d
035 ## - SYSTEM CONTROL NUMBER
System control number (Sirsi) u11687
041 ## - LANGUAGE CODE
Language code of text/sound track or separate title eng
050 ## - LIBRARY OF CONGRESS CALL NUMBER
Classification number 690.2410973
100 ## - MAIN ENTRY--PERSONAL NAME
Personal name Reynolds, Judith
245 ## - TITLE STATEMENT
Title Historic properties: preservation and the valuation process
260 ## - PUBLICATION, DISTRIBUTION, ETC.
Place of publication, distribution, etc. Chicago
Name of publisher, distributor, etc. American Institute of Real Estate Apprai
Date of publication, distribution, etc. 1982
300 ## - PHYSICAL DESCRIPTION
Extent 115p. illus. 24cm
350 ## - PRICE (NR) (BK AM CF MU VM SE) [OBSOLETE]
Price 19.1
520 ## - SUMMARY, ETC.
Summary, etc. Superseded by third edition (ISBN 0922154872).
942 ## - ADDED ENTRY ELEMENTS (KOHA)
Suppress in OPAC 0
948 ## - LOCAL PROCESSING INFORMATION (OCLC); SERIES PART DESIGNATOR (RLIN)
c (OCLC) 04/03/1997
Holdings
Withdrawn status Lost status Source of classification or shelving scheme Damaged status Not for loan Home library Current library Shelving location Date acquired Cost, normal purchase price Total Checkouts Full call number Barcode Date last seen Copy number Cost, replacement price Price effective from Koha item type
    Dewey Decimal Classification     London London Basement 14/09/1999 19.10   SHELF 203 30020856 06/08/2019 1 19.10 06/08/2019 Book